00610nam a2200229Ia 4500001000900000003000500009005001700014008004100031020002200072040000900094082002000103100003900123245008600162250001100248260002300259300001100282503000800293504002800301650002400329650001900353856000800372dia_2913CHAP20251021152142.0220601s9999 xx 000 0 und d a978-968-24-3881-3 cCHAP a621.01 G37 1990 aGarcía-Colín Scherer, Leopoldo aIntroducción a la termodinámica clásica / Leopoldo García-Colín Scherer a4a ed. aMéxico : Trillas a335 p. aC/e aIncluye bibliografías a1. Termodinámica  aThermodynamics aÌ